| 000 | 01731nam0a2200457 4500 | ||
|---|---|---|---|
| 001 | RU\NLR\BIBL_A\022006106 | ||
| 005 | 20230927124337.0 | ||
| 010 |
_a978-5-17-133425-3 _91500 |
||
| 021 |
_aRU _bАЛ-П-23-00505и _9АЛ-П-23-0107 |
||
| 035 | _a(NLR Aleph) 022006106 | ||
| 090 |
_a12469315 _c12469315 |
||
| 100 | _a20230816d2023 u y0rusy50 ca | ||
| 101 | 1 |
_arus _cund |
|
| 102 | _aRU | ||
| 105 | _aa t 000ay | ||
| 181 | 0 |
_ab3 _bab2e |
|
| 181 | 0 |
_ai1 _baxxe |
|
| 182 | 0 | _an | |
| 200 | 1 |
_aЛучшие баллады и саги _e[комиксы _eантология] _fНил Гейман, Чарльз Весс |
|
| 203 |
_aИзображение _aТекст _bвизуальные _cнепосредственные |
||
| 210 |
_aМосква _cАСТ _d2023 |
||
| 215 |
_a[240] с. _cил. _d27 |
||
| 225 | 1 | _aСерия "Графические романы Нила Геймана" | |
| 300 | _aОписано по обл. | ||
| 333 | _a16+ | ||
| 606 | 1 |
_aБаллады английские _2nlr_sh2 _3RU\NLR\AUTH\6655552 |
|
| 606 | 1 |
_aБаллады ирландские _2nlr_sh2 _3RU\NLR\AUTH\66104146 |
|
| 606 | 1 |
_aБаллады шотландские _2nlr_sh2 _3RU\NLR\AUTH\66104277 |
|
| 675 |
_a821-3 _v4 |
||
| 686 | 0 | _aЩ153(7США)65-475 | |
| 686 | 1 | _aШ3(41Вл)-614.0 | |
| 686 | 1 | _aШ3(41И)-614.0 | |
| 686 | 1 | _aШ3(41Вл=Ш)-614.0 | |
| 686 | 1 | _aШ6(0)943.21-440.4комиксы{Лх150-30} | |
| 700 | 1 |
_aГейман _bН. _f1960- _gНил _3RU\NLR\AUTH\7720714 |
|
| 701 | 1 |
_aВесс _bЧ. _f1951- _gЧарльз _3RU\NLR\AUTH\770147140 |
|
| 942 | _cBOOK | ||
| 980 | _aNB | ||